Temps enrera, portes endins / textos de Joan Ricart ; fotografies de Colita i Josep Lluís Sànchez
Descripción Física:
171 p. : il. ; 29 cm
MARC
| LEADER | 00000nam a2200000Ia 4500 | ||
|---|---|---|---|
| 001 | 17119 | ||
| 008 | 160829s1993 xx 000 0 cat d | ||
| 080 | |a FOL-2-85 | ||
| 100 | |a Ricart, Joan |9 27247 | ||
| 245 | |a Temps enrera, portes endins / textos de Joan Ricart ; fotografies de Colita i Josep Lluís Sànchez | ||
| 260 | |a Santa Perpètua de Mogoda : |b l'Ajuntament, |c 1993 | ||
| 300 | |a 171 p. : |b il. ; |c 29 cm | ||
| 650 | |a Santa Perpètua de Mogoda |x Història local |9 27248 | ||
| 650 | |a Arquitectura |x Santa Perpètua de Mogoda |9 27249 | ||
| 700 | |a Colita, |d 1940-2023 |e fotografies |9 21005 | ||
| 700 | |a Sànchez, Josep Lluís, fot. |9 27250 |e fotografies | ||
| 901 | |a Arxiu | ||
| 942 | |n 1 |2 udc | ||
| 952 | |0 0 |1 0 |4 0 |6 FOL285 |7 1 |9 44328 |a Arxiu |b Arxiu |d 2016-12-01 |l 0 |o FOL-2-85 |p 17119 |r 2016-12-01 00:00:00 |w 2016-12-01 |y ARXIU | ||
| 999 | |c 46909 |d 46909 | ||